000 00765nam a22002537a 4500
003 OSt
005 20140310181922.0
008 130718t xxu||||| |||| 00| 0 eng d
020 _a093761100X
050 _aRZ 400
_b.H412 1982
082 _aTR 615.852
_bH32 1984
100 _aHay, Louise L.
_91717
245 _aHeal your body :
_bthe mental causes for physical illness and the metaphysical way to overcome them /
_cLouise L. Hay.
260 _aSanta Monia, Calif. :
_bHay House,
_cc1984.
300 _a44 p. ;
_c16 cm.
521 _aFaculty
541 _j1
562 _e1
650 _2 Mental healing
650 _2Spiritual healing
650 _2 Self-care, Health
650 _2Mind and body therapies.
942 _2lcc
_cBK-TR
_kTR
999 _c7004
_d7004